000 00667cam a22002174a 4500
001 12958203
005 20250416154622.0
008 021004s2003 enka b 001 0 eng
020 _a0273657593
050 0 0 _aHD30.215
_b.M67 2003
082 0 0 _a658.4/033
_221
100 1 _aMorris, Clare.
245 1 0 _aQuantitative approaches in business studies /
_cClare Morris.
250 _a6th ed.
260 _aHarlow, England ;
_aNew York :
_bFT/Prentice Hall,
_c2003.
300 _axix, 512 p. :
_bill. ;
_c25 cm.
650 0 _aManagement
_xStatistical methods.
650 0 _aDecision making
_xMathematical models.
650 0 _aStatistical decision.
942 _2lcc
_cBK
_n0
999 _c5489
_d5489